| 000 | 00464nam a2200181Ia 4500 | ||
|---|---|---|---|
| 001 | 7797 | ||
| 008 | 140321s9999 xx 000 0 und d | ||
| 020 | _a0-19-577734-4 | ||
| 040 | _cPK-LaUMT | ||
| 082 |
_a 954.035 _bBUR-B |
||
| 100 | _aBurke, S. M. | ||
| 245 | 4 |
_aThe British raj in India : An historical review _cBurke, S. M.<>Quraishi, Salim Al-Din, |
|
| 260 | _c1996 | ||
| 300 | _a699 p. | ||
| 546 | _aEN | ||
| 700 | _aQuraishi, Salim Al-Din, | ||
| 942 | _cBK | ||
| 999 |
_c9197 _d9197 |
||